000 00352cam a2200145ua 4500
041 _aeng
_h
082 _a342.02
_bIND/MO
100 _aIndra, D. Sharma .
245 _aModern constitution of work /
_cIndra.
_hTextual Documents
260 _a :
_bAsian pub house ,
_c1962.
300 _a552 ; .
504 _a
942 _cBK
999 _c11256
_d11256